Yksi valtio per kirjain per maanosa - Statistics

Yleistilastot
  • Tätä visaa on pelattu 1 632 kertaa
    1 624 viimeisimmän päivityksen jälkeen
  • Keskiarvotulos 54 / 84
Vastaustilastot
Vastaus % Oikein
Alankomaat | Albania | Andorra Alankomaat | Albania | Andorra
99%
Belgia | Bosnia ja Hertsegovina | Bulgaria Belgia | Bosnia ja Hertsegovina | Bulgaria
92%
Algeria | Angola Algeria | Angola
86%
Afganistan | Armenia | Azerbaidžan Afganistan | Armenia | Azerbaidžan
85%
Irlanti | Islanti | Italia | Itävalta Irlanti | Islanti | Italia | Itävalta
83%
Australia Australia
82%
Bahrain | Bangladesh | Bhutan | Brunei Bahrain | Bangladesh | Bhutan | Brunei
81%
Bolivia | Brasilia Bolivia | Brasilia
81%
Espanja Espanja
81%
Argentiina Argentiina
80%
Latvia | Liechtenstein | Liettua | Luxemburg Latvia | Liechtenstein | Liettua | Luxemburg
80%
Malta | Moldova | Monaco | Montenegro Malta | Moldova | Monaco | Montenegro
80%
Kosovo | Kreikka | Kroatia Kosovo | Kreikka | Kroatia
79%
Egypti | Eritrea | Etelä-Afrikka | Etelä-Sudan | Etiopia Egypti | Eritrea | Etelä-Afrikka | Etelä-Sudan | Etiopia
78%
Pohjois-Makedonia | Portugali | Puola Pohjois-Makedonia | Portugali | Puola
77%
Saksa | San Marino | Serbia | Slovakia | Slovenia | Suomi | Sveitsi Saksa | San Marino | Serbia | Slovakia | Slovenia | Suomi | Sveitsi
77%
Benin | Botswana | Burkina Faso | Burundi Benin | Botswana | Burkina Faso | Burundi
76%
Ranska | Romania | Ruotsi Ranska | Romania | Ruotsi
76%
Chile Chile
75%
Indonesia | Intia | Irak | Iran | Israel | Itä-Timor Indonesia | Intia | Irak | Iran | Israel | Itä-Timor
75%
Kambodža | Kazakstan | Kiina | Kirgisia | Kuwait | Kypros Kambodža | Kazakstan | Kiina | Kirgisia | Kuwait | Kypros
75%
Japani | Jemen | Jordania Japani | Jemen | Jordania
74%
Norja Norja
73%
Gabon | Gambia | Ghana | Guinea | Guinea-Bissau Gabon | Gambia | Ghana | Guinea | Guinea-Bissau
72%
Kamerun | Kap Verde | Kenia | Keski-Afrikan tasavalta | Komorit | Kongon demokraattinen tasavalta | Kongon tasavalta Kamerun | Kap Verde | Kenia | Keski-Afrikan tasavalta | Komorit | Kongon demokraattinen tasavalta | Kongon tasavalta
72%
Bahama | Barbados | Belize Bahama | Barbados | Belize
71%
Tanska | Tšekki Tanska | Tšekki
71%
Valko-Venäjä | Vatikaanivaltio | Venäjä | Viro Valko-Venäjä | Vatikaanivaltio | Venäjä | Viro
71%
Ukraina | Unkari Ukraina | Unkari
70%
Ecuador Ecuador
69%
Kanada | Kuuba Kanada | Kuuba
69%
Malediivit | Malesia | Mongolia | Myanmar Malediivit | Malesia | Mongolia | Myanmar
69%
Haiti | Honduras Haiti | Honduras
68%
Laos | Libanon Laos | Libanon
68%
Madagaskar | Malawi | Mali | Marokko | Mauritania | Mauritius | Mosambik Madagaskar | Malawi | Mali | Marokko | Mauritania | Mauritius | Mosambik
68%
Antigua ja Barbuda Antigua ja Barbuda
67%
Fidži Fidži
67%
Dominica | Dominikaaninen tasavalta Dominica | Dominikaaninen tasavalta
66%
Filippiinit Filippiinit
66%
Namibia | Niger | Nigeria | Norsunluurannikko Namibia | Niger | Nigeria | Norsunluurannikko
66%
Pakistan | Pohjois-Korea Pakistan | Pohjois-Korea
65%
Jamaika Jamaika
64%
Lesotho | Liberia | Libya Lesotho | Liberia | Libya
64%
Oman Oman
64%
Sambia | São Tomé ja Príncipe | Senegal | Seychellit | Sierra Leone | Somalia | Sudan | Swazimaa Sambia | São Tomé ja Príncipe | Senegal | Seychellit | Sierra Leone | Somalia | Sudan | Swazimaa
64%
Djibouti Djibouti
63%
Etelä-Korea Etelä-Korea
63%
Kolumbia Kolumbia
63%
Qatar Qatar
63%
Grenada | Guatemala Grenada | Guatemala
62%
Tadžikistan | Taiwan | Thaimaa | Turkki | Turkmenistan Tadžikistan | Taiwan | Thaimaa | Turkki | Turkmenistan
62%
Costa Rica Costa Rica
61%
Paraguay | Peru Paraguay | Peru
61%
Guyana Guyana
59%
Ruanda Ruanda
59%
Nauru Nauru
58%
Tansania | Togo | Tšad |Tunisia Tansania | Togo | Tšad |Tunisia
58%
Nepal Nepal
57%
Marshallinsaaret | Mikronesia Marshallinsaaret | Mikronesia
57%
Meksiko Meksiko
57%
Yhdistynyt kuningaskunta Yhdistynyt kuningaskunta
57%
El Salvador El Salvador
56%
Georgia Georgia
56%
Palau | Papua-Uusi-Guinea Palau | Papua-Uusi-Guinea
56%
Saudi-Arabia | Singapore | Sri Lanka | Syyria Saudi-Arabia | Singapore | Sri Lanka | Syyria
56%
Uzbekistan Uzbekistan
56%
Kiribati Kiribati
54%
Uruguay Uruguay
54%
Yhdysvallat Yhdysvallat
53%
Zimbabwe Zimbabwe
52%
Nicaragua Nicaragua
51%
Tonga | Tuvalu Tonga | Tuvalu
51%
Uganda Uganda
51%
Uusi-Seelanti Uusi-Seelanti
51%
Vietnam Vietnam
51%
Salomoninsaaret | Samoa Salomoninsaaret | Samoa
49%
Venezuela Venezuela
49%
Suriname Suriname
48%
Vanuatu Vanuatu
48%
Panama Panama
47%
Saint Kitts ja Nevis | Saint Lucia | Saint Vincent ja Grenadiinit Saint Kitts ja Nevis | Saint Lucia | Saint Vincent ja Grenadiinit
45%
Yhdistyneet arabiemiraatit Yhdistyneet arabiemiraatit
45%
Trinidad ja Tobago Trinidad ja Tobago
41%
Päiväntasaajan Guinea Päiväntasaajan Guinea
31%
Ehtoja vastaavia visoja ei löytynyt
Tulosjakauma
Jokaisen tuloksen saaneiden osuus
Persentiili vastausten määrän mukaan
Tuloshistoriasi
Et ole pelannut tätä visaa sen viimeisimmän päivityksen jälkeen